| 000 | 00497cam a2200181ua 4500 | ||
|---|---|---|---|
| 020 | _c1.75 | ||
| 041 |
_amal _h |
||
| 082 |
_a894.8124 _bKUN/SA |
||
| 100 | _aKunjan pillai, Elamkulam.P.N . | ||
| 245 |
_aSamskarathinte Nazhikakkallukal / _cP.N.Elamkulam Kunjan pillai. _hTextual Documents |
||
| 260 |
_aKottayam : _bSahitya Pravarthaka Co-operative Society , _c1958. |
||
| 300 | _a120 ; . | ||
| 365 | _a1.75 | ||
| 504 | _a | ||
| 942 | _cBK | ||
| 999 |
_c1214 _d1214 |
||